00413nam a2200157Ia 45000010006000000050017000060080041000230410008000640820017000721000036000892450077001252600009002023000028002116500008002396540008002472509920260414151127.0260414t2013||||xx |||||||||||||| ||spa|| aESP a346.2JbG312 aAguilar LLanos, BenjamíneAUT 0aEl derecho de familia en la jurisprudencia del tribunal constitucionalb c2013 a206 páginas :c24 cm. aDER aCDE